| 000 | 00591cas a2200193 a 4500 | ||
|---|---|---|---|
| 003 | DLC | ||
| 005 | 20250619102824.0 | ||
| 008 | 250618c2003 mx|zn|p|r|||| 00| 0 spa d | ||
| 035 | _aUPN01000059359 | ||
| 040 |
_aMX-MxUPN _bspa _cMX-MxUPN _eaacr2 |
||
| 245 | 0 | 0 | _aActualizarte |
| 260 |
_aDistrito Federal, México : _bSEP. Subsecretaría de Servicios Educativos, Centro de Actualización del Magisterio en el Distrito Federal, _c2003 |
||
| 310 | _aIrregular | ||
| 650 | 4 |
_aMaestros _916336 |
|
| 902 | _aGloria Jiménez/160625 | ||
| 904 |
_aAC _b000091 |
||
| 905 | _aRevista | ||
| 942 | _cREV-I | ||
| 999 |
_c59352 _d59352 |
||